书目信息 |
| 题名: |
社会主义本质论
|
|
| 作者: | 许征帆 主编 | |
| 分册: | ||
| 出版信息: | 济南 山东人民出版社 1999.08 |
|
| 页数: | 349页 | |
| 开本: | 32开 | |
| 丛书名: | ||
| 单 册: | ||
| 中图分类: | D033.4 | |
| 科图分类: | ||
| 主题词: | 国家理论 | |
| 电子资源: | ||
| ISBN: | 7-209-02410-7 | |
| 000 | 00552nam0 2200193 45 | |
| 001 | 0104181080 | |
| 005 | 20010418104227.6 | |
| 010 | @a7-209-02410-7@d16.80元 | |
| 100 | @a20010418d1999 km y0chiy0120 ea | |
| 101 | 0 | @achi |
| 105 | @a z 000yy | |
| 200 | 1 | @a社会主义本质论@AShe Hui Zhu Yi Ben Zhi Lun@f许征帆主编@FXu Zheng Fan Zhu Bian |
| 210 | @a济南@c山东人民出版社@d1999.08 | |
| 215 | @a349页@d32开 | |
| 606 | 0 | @a国家理论 |
| 690 | @aD033.4@v3 | |
| 701 | 0 | @a许征帆@4主编 |
| 801 | @aCN@bPftUser@c20010418 | |
| 905 | @b339506-507@dD033.4@eX259/1@f2 | |
| 社会主义本质论/许征帆主编.-济南:山东人民出版社,1999.08 |
| 349页;32开 |
| ISBN 7-209-02410-7:16.80元 |
| ● |
| 相关链接 |
|
|
|
正题名:社会主义本质论
索取号:D033.4/X259/1
 
预约/预借
| 序号 | 登录号 | 条形码 | 馆藏地/架位号 | 状态 | 备注 |
| 1 | 339506 | 203395067 | 社科库509/422社科库 42排1列1层/ [索取号:D033.4/X259/1] | 在馆 | |
| 2 | 339507 | 203395076 | 社科库509/422社科库 42排1列1层/ [索取号:D033.4/X259/1] | 在馆 |